| 000 | 00448 a2200181 4500 | ||
|---|---|---|---|
| 003 | OSt | ||
| 005 | 20220913120459.0 | ||
| 008 | 160428b xxu||||| |||| 00| 0 eng d | ||
| 020 | _a8131713032 | ||
| 040 | _c0 | ||
| 082 |
_a658.3 _bDES |
||
| 100 |
_aGary Dessler _926229 |
||
| 245 |
_aHuman Resource management _cGary Dessler |
||
| 250 | _a10th | ||
| 260 |
_aNew Delhi _c2008 _bDorling Kindersley |
||
| 300 | _a743p | ||
| 942 |
_cBK _k658.3 DES _2ddc |
||
| 999 |
_c346904 _d346904 |
||